Miasta w Polsce na literę Ż - Statystyki

Ogólne statystyki
  • Ten quiz został rozwiązany 240 razy
    55 od ostatniego zresetowania
  • Średni wynik to 9 z 16
Statystyki odpowiedzi
Liczba mieszkańców Województwo Miasto % Poprawnych
61 887 śląskie Żory
94%
34 137 lubuskie Żary
89%
38 306 mazowieckie Żyrardów
89%
22 976 lubuskie Żagań
75%
12 724 kujawsko-pomorskie Żnin
67%
29 273 śląskie Żywiec
64%
8353 mazowieckie Żuromin
50%
4295 śląskie Żarki
44%
6181 dolnośląskie Żmigród
44%
4079 małopolskie Żabno
42%
7335 łódzkie Żychlin
42%
1102 łódzkie Żarnów
39%
6304 dolnośląskie Żarów
39%
6718 pomorskie Żukowo
39%
3625 mazowieckie Żelechów
22%
2066 wielkopolskie Żerków
17%
Nie znaleziono quizów pasujących do podanych kryteriów
Rozkład punktacji
Procent ludzi z każdym wynikiem
Percentyl według liczby udzielonych odpowiedzi
Twoja historia wyników
Nie rozwiązałeś tego quizu od ostatniego zresetowania